Rice Dishes by Images A-Z - Statistics

General Stats
  • This quiz has been taken 24 times
  • The average score is 4 of 24
Answer Stats
Picture Answer % Correct
Paella
85%
Dolma
65%
Arancini
60%
Biryani
50%
Mango Sticky Rice
35%
Onigiri
35%
Nasi Goreng
20%
Jollof Rice
15%
Hainanese Chicken Rice
10%
Kabuli Pulao
5%
Champaorado
0%
Etli Pilav
0%
Faki
0%
Galinhada
0%
Insalata di Riso
0%
Lowcountry Crab Rice
0%
Risengrød
0%
Spanakorizo
0%
Tahdig
0%
Ube Biko
0%
Waakye
0%
Xôi
0%
Yangzhou Fried Rice
0%
Zarda
0%
No matching quizzes found
Score Distribution
Percent of People with Each Score
Percentile by Number Answered
Your Score History
You have not taken this quiz